MARC

LEADER 00000nam0a2200000 4500
001 324349
005 20231101023209.0
035 |a (RuTPU)RU\TPU\book\349947 
090 |a 324349 
100 |a 20161114d1959 m y0rusy50 ca 
101 0 |a rus 
102 |a RU 
105 |a a z 000zy 
200 1 |a Что такое горение?  |e научно-популярное изложение физических основ процесса  |f Г. ф. Кнорре 
205 |a 2-е изд., перераб. 
210 |a Москва  |a Ленинград  |c Госэнергоиздат  |d 1959 
215 |a 120 с.  |c ил. 
225 1 |a Библиотека теплотехника  |v Вып. 1 
606 1 |a Газы  |x Сжигание в котельных топках  |2 stltpush  |3 (RuTPU)RU\TPU\subj\5334 
610 1 |a топливо 
610 1 |a теплопроизводительность 
610 1 |a горение 
610 1 |a древесина 
610 1 |a углерод 
610 1 |a газовоздушные потоки 
610 1 |a смесеобразовательные процессы 
610 1 |a тепловой баланс 
675 |a 621.182.2-62  |v 4 
700 1 |a Кнорре  |b Г. Ф.  |g Георгий Федорович 
801 1 |a RU  |b 63413507  |c 20161114 
801 2 |a RU  |b 63413507  |c 20161115  |g RCR 
942 |c BK